000 00917cam a2200205 4500
001 WB3729-20
008 010725n2001 000 0 eng u
035 _a(Sirsi) u113778
245 _aMaking local government finance fairer
260 _c2001
490 _aDTLR News Release
_v(336) 20 July 2001, (2)
520 _aTimetable announced for change to parts of local government finance. Sets out when changes will be made to the way grant is distributed to local authorities and the timing of revaluation of domestic properties. For an electronic version of the green paper where the government consulted on options for reform of the revenue and capital finance regimes go to: http://www.local.dtlr.gov.uk/greenpap/
590 _aWB
650 _aLOCAL GOVERNMENT FINANCE
650 _aREVALUATION
650 _aLOCAL AUTHORITIES
650 _aLOCAL GOVERNMENT
690 _aLOCAL GOVERNMENT
942 _n0
999 _c67787
_d67787